000 00538nam a2200193Ia 4500
008 151119s9999||||xx |||||||||||||| ||und||
082 _a891.463
082 _bGKKV4195
100 _aकर्णिक हेमन
245 _aसागरी संघर्ष
260 _a--
260 _b--
260 _c1989
600 _aकर्णिक हेमन
630 _aसागरी संघर्ष
700 _aकर्णिक हेमन
730 _aसागरी संघर्ष
942 _cBOOK
999 _c1059577
_d1059574